Ocean City, New Jersey - Trivia - Statistics

General Stats
  • This quiz has been taken 29 times
  • The average score is 11 of 26
Answer Stats
Question Answer % Correct
Ocean City's beach is bordered on what ocean? Atlantic Ocean
100%
New Jersey's Ocean City is often confused with the Ocean City of what other state? Maryland
95%
Ocean City is located in this county. Cape May
77%
The boardwalk is often crowded with these birds which will often attempt to steal food from pedestrians. Seagulls
73%
Which overhyped pizza place, popular among tourists, can be found on the 9th street enterance to the boardwalk? Manco and Manco's
59%
This street is famous within the shopping district of the city, further in from the beach. Asbury Avenue
50%
The former suffered this type of disaster in the southeastern part of it's property in the year of 2021. "Electrical" Fire
50%
Null Gillian's Wonderland Pier
50%
This company is famous for it's caramel-covered popcorn, which is notorious for being sold by the bucket, or tub. Johnson's
50%
This casual sport is abundant not only on the boardwalk, but into the city as well. Miniature Golf
41%
The city is home to two amusement parks. Name both. Playland's Castaway Cove
41%
This type of desert is an Ocean City staple. Salt Water Taffy/Fudge
41%
Null Goofy Golf
36%
To reports of success, this problem has been combatted starting in August of 2020 by releasing what into the sky? Owls/Falcons/Hawks
36%
The past co-owner of the former, Mack, being kicked out of the business after being sent to jail for what crime? Tax Fraud
36%
Close to East 8th Street, this building by the oceanside frequently hosts concerts and events from both local and out-of-state hosts. Ocean City Music Pier
32%
There are 6 of golfing places on the boardwalk as of 2021. Name all of them. Congo Falls
27%
Null Haunted Golf
27%
Null Pirates of the Golden Galleon
27%
This company, famous for it's use of old bay seasoning, has suffered greatly from this problem. Chickie and Pete's
23%
Who is the current mayor of Ocean City? Jay Gillian
23%
On the boardwalk, in addition to pedestrians and bikers, you will find people on what type of vehicle? Surrey
23%
The commercial part of the boardwalk ends on the southern border with this pink hotel. Port-O-Call
18%
Null Medieval Fantasy
9%
Each morning, OC Waterpark plays what song for passersby? National Anthem
9%
Null OC Adventures
5%
No matching quizzes found
Score Distribution
Percent of People with Each Score
Percentile by Number Answered
Your Score History
You have not taken this quiz